Compendio de biología general / (Record no. 62564)

MARC details
000 -LEADER
campo de control de longitud fija 00561nam a2200181 i 4500
001 - NÚMERO DE CONTROL
campo de control 62564
003 - IDENTIFICADOR DE NÚMERO DE CONTROL
campo de control ES-MaACL
005 - FECHA Y HORA DE LA ÚLTIMA TRANSACCIÓN
campo de control 20251004063111.0
007 - CAMPO FIJO DE DESCRIPCIÓN FÍSICA--INFORMACIÓN GENERAL
campo de control de longitud fija t|
008 - DATOS DE LONGITUD FIJA--INFORMACIÓN GENERAL
campo de control de longitud fija 031124s1941 sp ||||1| spa d
100 1# - ENTRADA PRINCIPAL--NOMBRE DE PERSONA
Nombre de persona Fernández Galiano, Emilio,
Fechas asociadas al nombre 1885-1953
9 (RLIN) 49799
245 10 - MENCIÓN DEL TÍTULO
Título Compendio de biología general /
Mención de responsabilidad, etc. Emilio Fernández Galiano.
260 ## - PUBLICACIÓN, DISTRIBUCIÓN, ETC.
Lugar de publicación, distribución, etc. Madrid :
Nombre del editor, distribuidor, etc. S.A.E.T.A.,
Fecha de publicación, distribución, etc. 1941 (
Fabricante Gráfica Administrativa)
300 ## - DESCRIPCIÓN FÍSICA
Extensión 460 p. ;
Dimensiones 22 cm.
650 07 - PUNTO DE ACCESO ADICIONAL DE MATERIA--TÉRMINO DE MATERIA
Término de materia o nombre geográfico como elemento de entrada Biología
Fuente del encabezamiento o término embne
9 (RLIN) 10580
852 ## - LOCALIZACIÓN
Ubicación ES-MaACL
Número de control de estantería E-412
Sublocalización o colección R.19002
Holdings
Estatus retirado Estado de pérdida Estado de daño No para préstamo Biblioteca de origen Biblioteca actual Ubicación en estantería Fecha de adquisición Fuente de adquisición Total de préstamos Signatura topográfica completa Código de barras Visto por última vez Precio de reemplazo Tipo de ítem Koha
        Biblioteca del Ateneo de Madrid Biblioteca del Ateneo de Madrid Depósito 2 17/01/2008     E-412 1065590 23/02/2023 23/02/2023 Libro impreso